LEADER 01120nam a2200253 i 4500 001 000000150250 003 CaOOAMICUS 005 20060512000000.0 008 060512s2000 it u000 u ita u 013 $a127588 020 $a88-87473-03-X 040 $aSeMil$bita 100 1 $aBorelli, Antonio Augusto.$0(OLS)http://semarc/name/59300 240 10$a«As apariēoes a mensagem de Fątima».$0(OLS)http://semarc/title/219717 245 10$aFatima :$bmessaggio di tragedia o di speranza? /$cAntonio A. Borelli. 260 $aRoma :$bLuci sull'Est,$ccopyr. 2000. 300 $a96 p. :$bill. ;$c21 cm. 650 4$aMadonna - Apparizioni - Fatima.$0(OLS)http://semarc/subject/900 650 4$aMadonna - Apparizioni - Fatima - Profezie.$0(OLS)http://semarc/subject/38512 850 $aSeMil 852 $aSeMil$W1$xVenegono$y1$m1386 1 *$j102408$B102408$CSeMilBibl$Z2$F111170 $81 996 $6020$a88-87473-03-X$9(OLS)http://semarc/number/139678 996 $6245$aFatima :$bmessaggio di tragedia o di speranza?$9(OLS)http://semarc/title/219716 996 $6260$aRoma :$bLuci sull'Est$9(OLS)http://semarc/publisher/46576 LEADER 01221nam a2200277 4500 001 000000354132 003 CaOOAMICUS 005 20230609122843.0 008 230609s2009 it 000 u ita r 020 $a978-88-308-0994-9 040 $aSeMil$bita 100 1 $aLeone, Salvino,$d<1954- >.$0(OLS)http://semarc/name/19970 245 12$aL'accanimento terapeutico :$bcura, terapia o futilitą? /$cSalvino Leone. 264 1$aAssisi :$bCittadella,$c2009. 300 $a107 p. ;$c19 cm 490 1 $aL'etica e i giorni 650 4$aAccanimento terapeutico.$0(OLS)http://semarc/subject/7179 650 4$aEutanasia.$0(OLS)http://semarc/subject/6496 650 4$aMalati terminali - Assistenza - Concezione cristiana.$0(OLS)http://semarc/subject/24942 830 2$aL'etica e i giorni.$0(OLS)http://semarc/title/35123 850 $aSeMil 852 $aSeMil$W1$xVenegono$y1$m2MA K 4$j241286$B245371$CSeMilBibl$Z2$F245371 $81 996 $6020$a978-88-308-0994-9$9(OLS)http://semarc/number/298301 996 $6245$aL'accanimento terapeutico :$bcura, terapia o futilitą?$9(OLS)http://semarc/title/444267 996 $6264$aAssisi :$bCittadella$9(OLS)http://semarc/publisher/29661